| 000 | 00539nam a2200181 i 4500 | ||
|---|---|---|---|
| 001 | 131456 | ||
| 003 | ES-MaACL | ||
| 005 | 20250819063100.0 | ||
| 007 | t| | ||
| 008 | 070214s1969 sp |||| | spa d | ||
| 100 | 1 |
_aRodríguez Adrados, Francisco, _d1922-2020 _998318 |
|
| 245 | 1 | 0 |
_aLingüística estructural / _cFrancisco Rodríguez Adrados. |
| 260 |
_aMadrid : _bGredos, _c1969. |
||
| 300 |
_a2 v. ; _c20 cm. |
||
| 650 | 4 |
_aLingüística estructural. _9151330 |
|
| 852 |
_aES-MaACL _jC-39426-27 |
||
| 999 |
_c131456 _d131456 |
||